<?xml version="1.0" encoding="UTF-8"?>
<record
    xmlns:xsi="http://www.w3.org/2001/XMLSchema-instance"
    xsi:schemaLocation="http://www.loc.gov/MARC21/slim http://www.loc.gov/standards/marcxml/schema/MARC21slim.xsd"
    xmlns="http://www.loc.gov/MARC21/slim">

  <leader>00340    a2200109   4500</leader>
  <controlfield tag="001">ART_50560</controlfield>
  <controlfield tag="005">20260410162002.0</controlfield>
  <controlfield tag="008">260409a                                 </controlfield>
  <datafield tag="245" ind1="1" ind2="0">
    <subfield code="a">Autonom&#xED;a progresiva de ni&#xF1;as y adolescentes y bio&#xE9;tica</subfield>
  </datafield>
  <datafield tag="100" ind1="1" ind2=" ">
    <subfield code="a">Herrera, Marisa</subfield>
  </datafield>
  <datafield tag="773" ind1="0" ind2=" ">
    <subfield code="t">Pensar en derecho</subfield>
    <subfield code="g">- A&#xF1;o 8, N&#xBA; 14 (oct. 2014)</subfield>
    <subfield code="w">REV28996</subfield>
  </datafield>
  <datafield tag="999" ind1=" " ind2=" ">
    <subfield code="c">31375</subfield>
    <subfield code="d">31375</subfield>
  </datafield>
</record>
